LEADER 01005nam0-22003131i-450 001 990005476670203316 005 20190522112601.0 010 $a2-87040-019-5 035 $a000547667 035 $aUSA01000547667 035 $a(ALEPH)000547667USA01 100 $a20010829d1979----km y1itay5003----ba 101 0 $afre 102 $aNL 200 1 $a<> mortalite des enfants dans le monde et dans l'histoire$fpublié sous la direction de Paul-Marie Boulanger et Dominique Tabutin$gavec la contribution de E. Arriaga...[et al.] 210 $aLiege$cOrdina Editions$d[1979] 215 $a411 p.$cgraf. e tab.$d24 cm 606 0 $aMortalità$2BNCF 676 $a304.64 702 1$aBOULANGER,$bPaul Marie 702 1$aTABUTIN,$bDominique 702 1$aARRIAGA,$bE. 801 0$aIT$bSOL$c20120104 912 $a990005476670203316 951 $a300 304.64 BOU$b395 DISES 959 $aBK 969 $aDISES 996 $aMortalite des enfants dans le monde et dans l'histoire$91128643 997 $aUNISA LEADER 01202nam0-22004091i-450 001 990000241600403321 005 20260305151248.0 035 $a000024160 035 $aFED01000024160 035 $a(Aleph)000024160FED01 100 $a20020821d1999----km-y0itay50------ba 101 0 $aita 102 $aIT 105 $ay-------001yy 200 1 $aDal cannocchiale alle stelle, strumenti per il nuovo piano$fa cura di Mariolina Besio, Carlo Monti 210 $aMilano$cFrancoAngeli$d1999 215 $a276 p.$d22 cm 225 1 $aUrbanistica$v52 610 0 $aPianificazione territoriale 676 $a711.028$v21 702 1$aBesio,$bMariolina 702 1$aMonti,$bCarlo$f<1942- > 801 0$aIT$bUNINA$gRICA$2UNIMARC 901 $aBK 912 $a990000241600403321 952 $a1360 SEZ. ANDRIELLO$b1360$fDARPU 952 $a1258 SEZ. ANDRIELLO$b1258$fDARPU 952 $aB 1835 CAN$b2969/776$fDARPU 952 $aB2 SOP II 25$b03787$fDINST 952 $aURB.LE B 1679$b10292$fFARBC 952 $a62 711 DAL$bDepa 8657$fDAGEA 959 $aDARPU 959 $aDINST 959 $aFARBC 959 $aDAGEA 996 $aDal cannocchiale alle stelle$91431200 997 $aUNINA